000 01022nam a2200289 a 4500
001 BRCA_3476
005 20190320204312.0
008 300409s1895----enk#---###---#000-0#eng-#
041 _aeng
044 _aenk
084 _a765
_b.B83
_c1895
100 1 _aBuchan, John
_99058
245 1 0 _aSir Quixote of the Moors
_bbeing some Account of an Episode in the Life of the Sieur de Rohaine.
260 _aLondres
_bT. Fisher Unwin
_c1895
300 _a188 p.
_c20 cm.
500 _aContenido : Dedicatoria. Prólogo. Texto
500 _aImitación de la novela por J. Buchan. Tela; lomo y planos decorados Lúdovik Osterc
500 _aQMB46
546 _aTexto en : inglés
650 1 4 _aNovela española
_yÉpoca clásica, 1500-1700
_9215
650 1 4 _aLiteratura española
_yÉpoca clásica, 1500-1700
_9216
650 1 4 _aNovela española
_ySiglo XVII
_9217
650 1 4 _aDon Quijote (Personaje ficticio)
_eNovela
_9218
740 0 _aEl Ingenioso Hidalgo Don Quijote de la Mancha
902 _aQFM
942 _2lcc
_cB
999 _c3212
_d3212